000 00720nam a22002537a 4500
001 0182
003 DO-SdBNP
005 20160317131624.0
007 0182
008 151005b 200 1991 sp 00| 0 spa d
020 _a8437245273
040 _aBPMSU
_bspa
_cBPMSU
092 _aXXXX
_bXXXX
245 0 0 _aDiccionario visual de las cosas de cada día /
_ctraducido por Javier Franco Aixelá
260 _aMadrid :
_bSantillana,
_c1991.
300 _a64 p :
_bil.
_c31 cm.
490 1 _aDiccionarios visuales Altea
534 _aThe visual dictionary of everyday things
700 1 2 _aAixelá, Javier Franco
_etrad.
830 0 _aDiccionarios visuales Altea
910 _a144
942 _2ddc
_cBK
956 _aYngrid Lockward
999 _c9286
_d9286